On This Day: February 6th Quiz Stats

 Plays Quiz Updated Feb 6, 2018

Challenge
Share
Tweet
Embed
Score 0/7 Timer 03:00
0 Plays Today
Question Answer Wrong Answers
This queen ascends the throne upon her father King George VI's death.
1952
Elizabeth II
94.4%
Margrethe II
0.8%
Sophia I
0.7%
Mary III
1.9%
This board game goes on sale for the first time.
1935
Monopoly
94.1%
Risk
1.2%
Battleship
1.4%
Clue
2%
This legendary baseball player, nicknamed the Great Bambino, is born.
1895
Babe Ruth
89.6%
Lou Gehrig
1.9%
Joe DiMaggio
6.8%
Ty Cobb
1.2%
Washington National Airport is renamed ______ National Airport, after this president.
1998
Ronald Reagan
86%
Bill Clinton
1.7%
George H.W. Bush
4.8%
Jimmy Carter
4%
This basketball player makes a slam dunk from the free throw line, inspiring a now-famous Nike shoe logo.
1988
Michael Jordan
83.1%
Magic Johnson
9.1%
Charles Barkley
1.3%
Kareem Abdul-Jabbar
3.2%
This country signs the Treaty of Amity and Commerce and the Treaty of Alliance and officially recognizes the United States as a political entity separate from Britain.
1778
France
82.6%
Netherlands
6.9%
Prussia
3%
Spain
7.5%
This comedian hosts his final episode of The Tonight Show.
2014
Jay Leno
55.8%
David Letterman
38%
Jimmy Fallon
2.2%
Conan O'Brien
0.9%

You're not logged in!

Compare scores with friends on all Sporcle quizzes.
OR
Log In

You Might Also Like...

Show Comments

Extras

Top Quizzes Today


Score Distribution

Your Account Isn't Verified!

In order to create a playlist on Sporcle, you need to verify the email address you used during registration. Go to your Sporcle Settings to finish the process.

Report this User

Report this user for behavior that violates our Community Guidelines.

Details: